Catálogo

GUIA DE SUPERVIVENCIA PARA PERIODICOS : (Registro nro. 37614)

Detalles MARC
000 -LEADER
fixed length control field 00496nam a2200181 a 4500
001 - CONTROL NUMBER
control field 37614
005 - DATE AND TIME OF LATEST TRANSACTION
control field 20180714010622.0
008 - FIXED-LENGTH DATA ELEMENTS--GENERAL INFORMATION
fixed length control field 140415s1992 000 0 spa d
020 ## - INTERNATIONAL STANDARD BOOK NUMBER
International Standard Book Number 8440629400
041 ## - LANGUAGE CODE
Language code of text/sound track or separate title spa
082 ## - DEWEY DECIMAL CLASSIFICATION NUMBER
Classification number 070.172
Item number LOC
100 1# - MAIN ENTRY--PERSONAL NAME
Personal name LOCKWOOD, ROBERT
245 10 - TITLE STATEMENT
Title GUIA DE SUPERVIVENCIA PARA PERIODICOS :
Remainder of title EL DISEÑO DE LA NOTICIA
260 ## - PUBLICATION, DISTRIBUTION, ETC.
Place of publication, distribution, etc. [s.l.] :
Name of publisher, distributor, etc. QUARK PRESS,
Date of publication, distribution, etc. 1992
300 ## - PHYSICAL DESCRIPTION
Extent 145
650 14 - SUBJECT ADDED ENTRY--TOPICAL TERM
Topical term or geographic name entry element PEDIODISMO
700 1# - ADDED ENTRY--PERSONAL NAME
Personal name LEON, TERESA DE
Relator term tr.
Existencias
Withdrawn status Lost status Source of classification or shelving scheme Damaged status Not for loan Collection code Home library Current library Shelving location Date acquired Source of acquisition Inventory number Total Checkouts Full call number Barcode Date last seen Price effective from Koha item type
    Dewey Decimal Classification     General Biblioteca Karol Wojtyla Biblioteca Karol Wojtyla Sala general 03/12/2013 Compra 151000000000000000059950   '070.172 LOC 56555 05/01/2026 03/12/2013 Libro